University College, London : (Record no. 183952)

MARC details
000 -LEADER
campo de control de longitud fija 00688nam a2200169 i 4500
001 - NÚMERO DE CONTROL
campo de control 183952
003 - IDENTIFICADOR DE NÚMERO DE CONTROL
campo de control ES-MaACL
005 - FECHA Y HORA DE LA ÚLTIMA TRANSACCIÓN
campo de control 20230906222017.0
008 - DATOS DE LONGITUD FIJA--INFORMACIÓN GENERAL
campo de control de longitud fija 141223s1841 xxk |||| | eng d
110 2# - ENTRADA PRINCIPAL--NOMBRE DE ENTIDAD CORPORATIVA
Nombre de entidad corporativa o nombre de jurisdicción como elemento de entrada University College, London.
Unidad subordinada Faculty of Arts and Laws.
9 (RLIN) 156078
245 10 - MENCIÓN DEL TÍTULO
Título University College, London :
Resto del título Faculty of Arts and Laws : session 1841-42.
260 ## - PUBLICACIÓN, DISTRIBUCIÓN, ETC.
Lugar de publicación, distribución, etc. [London :
Nombre del editor, distribuidor, etc. s.n.,
Fecha de publicación, distribución, etc. 1841?] (
Fabricante Richard and John E. Taylor)
300 ## - DESCRIPCIÓN FÍSICA
Extensión 12 p. ;
Dimensiones 20 cm.
594 ## - Nota al título y mención de responsabilidad
Nota al título y mención de responsabilidad Título y encabezamiento tomado de principio del texto.
650 #4 - PUNTO DE ACCESO ADICIONAL DE MATERIA--TÉRMINO DE MATERIA
Término de materia o nombre geográfico como elemento de entrada Enseñanza-
Subdivisión geográfica Gran Bretaña.
9 (RLIN) 151700
852 4# - LOCALIZACIÓN
Ubicación ES-MaACL
Número de control de estantería T-15-F-8
Nota libre - Enc. en un vol. facticio
-- - Falto de la cubierta original
Holdings
Estatus retirado Estado de pérdida Estado de daño No para préstamo Colección Biblioteca de origen Biblioteca actual Ubicación en estantería Fecha de adquisición Fuente de adquisición Total de préstamos Signatura topográfica completa Código de barras Visto por última vez Precio de reemplazo Tipo de ítem Koha
        Colección de folletos Biblioteca del Ateneo de Madrid Biblioteca del Ateneo de Madrid Depósito folletos 23/12/2014     T-15-F-8 1193434 23/02/2023 23/02/2023 Folleto